| 000 | 01927cam a2200517 i 4500 | ||
|---|---|---|---|
| 999 |
_c8106 _d8106 |
||
| 001 | 20421255 | ||
| 003 | OSt | ||
| 005 | 20190918124306.0 | ||
| 008 | 171128s2018 ii b 001 0 eng d | ||
| 010 | _a 2017353201 | ||
| 020 |
_a9789351482697 _q(hardback) |
||
| 020 |
_a9351482693 _q(hardback) |
||
| 025 | _aI-E-2017353201 ; 05 ; 13-90 | ||
| 035 | _a(OCoLC)on1023544545 | ||
| 035 | _a(OCoLC)1023544545 | ||
| 037 | _bLibrary of Congress -- New Delhi Overseas Office | ||
| 040 |
_aDKAGE _beng _erda _cDKAGE _dOCLCF _dOCLCO _dDLC |
||
| 042 |
_alccopycat _alcode |
||
| 043 | _aa-ii--- | ||
| 050 | 0 | 0 |
_aBR127 _b.C412 2018 |
| 082 | 0 | 4 |
_a261.2 _223 _bSE469R |
| 100 | 1 |
_aCelvanāyakam, Israyēl, _eauthor. |
|
| 245 | 1 | 0 |
_aReligion and religions : _ban interfaith perspective / _cIsrael Selvanayagam. |
| 250 | _a1st edition. | ||
| 264 | 1 |
_aNew Delhi : _bChristian World Imprints, _c2018. |
|
| 300 |
_axx, 259 pages ; _c24 cm. |
||
| 336 |
_atext _btxt _2rdacontent |
||
| 337 |
_aunmediated _bn _2rdamedia |
||
| 338 |
_avolume _bnc _2rdacarrier |
||
| 490 | 1 |
_aInterfaith treasures uncovered ; _v13 |
|
| 504 | _aIncludes bibliographical references (pages 243-252) and index. | ||
| 650 | 0 |
_aChristianity and other religions _zIndia. |
|
| 650 | 0 |
_aReligions _xRelations. |
|
| 650 | 0 |
_aImplicit religion _zIndia. |
|
| 650 | 0 |
_aReligious pluralism _zIndia. |
|
| 650 | 7 |
_aChristianity. _2fast _0(OCoLC)fst00859599 |
|
| 650 | 7 |
_aImplicit religion. _2fast _0(OCoLC)fst00968178 |
|
| 650 | 7 |
_aInterfaith relations. _2fast _0(OCoLC)fst01353343 |
|
| 650 | 7 |
_aReligions _xRelations. _2fast _0(OCoLC)fst01093912 |
|
| 650 | 7 |
_aReligious pluralism. _2fast _0(OCoLC)fst01094200 |
|
| 651 | 7 |
_aIndia. _2fast _0(OCoLC)fst01210276 |
|
| 830 | 0 |
_aInterfaith treasures uncovered ; _v13. |
|
| 906 |
_a7 _bcbc _ccopycat _d3 _encip _f20 _gy-gencatlg |
||
| 942 |
_2ddc _cBK |
||